000
00315nam a22001337a 4500
008
210303b ||||| |||| 00| 0 eng d
020
_a
0155512668
041
_a
eng
080
_2
2nd
_a
330.101.541
100
_a
52
101
_a
MAKRO
245
_a
Mackroeconomicks Theory and Policy
_c
Glahe,R.F
942
_2
udc
_c
BK
999
_c
55559
_d
55559